Champions continentaux de football - Statistiques

Statistiques générales
  • Ce quiz a été pris 211 fois
  • Le résultat moyen est 134 sur 155
Statistiques - réponses
Continent Compétition Réponse % Correct
Amérique du Sud Copa America 2024 Argentine
99%
Amérique du Sud Copa America 2021 Argentine
99%
Amérique du Sud Copa America 1993 Argentine
99%
Amérique du Sud Copa America 1991 Argentine
99%
Amérique du Sud Copa America 1959 1 Argentine
99%
Amérique du Sud Copa America 1957 Argentine
99%
Amérique du Sud Copa America 1955 Argentine
99%
Amérique du Sud Copa America 1947 Argentine
99%
Amérique du Sud Copa America 1946 Argentine
99%
Amérique du Sud Copa America 1945 Argentine
99%
Amérique du Sud Copa America 1941 Argentine
99%
Amérique du Sud Copa America 1937 Argentine
99%
Amérique du Sud Copa America 1929 Argentine
99%
Amérique du Sud Copa America 1927 Argentine
99%
Amérique du Sud Copa America 1925 Argentine
99%
Amérique du Sud Copa America 1921 Argentine
99%
Amérique du Sud Copa America 2019 Bresil
99%
Amérique du Sud Copa America 2007 Bresil
99%
Amérique du Sud Copa America 2004 Bresil
99%
Amérique du Sud Copa America 1999 Bresil
99%
Amérique du Sud Copa America 1997 Bresil
99%
Amérique du Sud Copa America 1989 Bresil
99%
Amérique du Sud Copa America 1949 Bresil
99%
Amérique du Sud Copa America 1922 Bresil
99%
Amérique du Sud Copa America 1919 Bresil
99%
Europe Euro 2024 Espagne
99%
Europe Euro 2012 Espagne
99%
Europe Euro 2008 Espagne
99%
Europe Euro 1964 Espagne
99%
Europe Euro 2000 France
99%
Europe Euro 1984 France
99%
Afrique CAN 2019 Algerie
98%
Afrique CAN 1990 Algerie
98%
Europe Euro 1996 Allemagne
98%
Europe Euro 1980 Allemagne de l'Ouest
98%
Europe Euro 1972 Allemagne de l'Ouest
98%
Amérique du Nord et centrale Gold Cup 2021 Etats-Unis
98%
Amérique du Nord et centrale Gold Cup 2017 Etats-Unis
98%
Amérique du Nord et centrale Gold Cup 2013 Etats-Unis
98%
Amérique du Nord et centrale Gold Cup 2007 Etats-Unis
98%
Amérique du Nord et centrale Gold Cup 2005 Etats-Unis
98%
Amérique du Nord et centrale Gold Cup 2002 Etats-Unis
98%
Amérique du Nord et centrale Gold Cup 1991 Etats-Unis
98%
Europe Euro 2020 Italie
98%
Europe Euro 1968 Italie
98%
Afrique CAN 2021 Senegal
98%
Afrique CAN 1976 Maroc
96%
Amérique du Nord et centrale Gold Cup 2023 Mexique
95%
Amérique du Nord et centrale Gold Cup 2019 Mexique
95%
Amérique du Nord et centrale Gold Cup 2015 Mexique
95%
Amérique du Nord et centrale Gold Cup 2011 Mexique
95%
Amérique du Nord et centrale Gold Cup 2009 Mexique
95%
Amérique du Nord et centrale Gold Cup 2003 Mexique
95%
Amérique du Nord et centrale Gold Cup 1998 Mexique
95%
Amérique du Nord et centrale Gold Cup 1996 Mexique
95%
Amérique du Nord et centrale Gold Cup 1993 Mexique
95%
Amérique du Nord et centrale Gold Cup 1977 Mexique
95%
Amérique du Nord et centrale Gold Cup 1971 Mexique
95%
Amérique du Nord et centrale Gold Cup 1965 Mexique
95%
Europe Euro 2016 Portugal
95%
Amérique du Sud Copa America 2011 Uruguay
95%
Amérique du Sud Copa America 1995 Uruguay
95%
Amérique du Sud Copa America 1987 Uruguay
95%
Amérique du Sud Copa America 1983 Uruguay
95%
Amérique du Sud Copa America 1967 Uruguay
95%
Amérique du Sud Copa America 1959 2 Uruguay
95%
Amérique du Sud Copa America 1956 Uruguay
95%
Amérique du Sud Copa America 1942 Uruguay
95%
Amérique du Sud Copa America 1935 Uruguay
95%
Amérique du Sud Copa America 1926 Uruguay
95%
Amérique du Sud Copa America 1924 Uruguay
95%
Amérique du Sud Copa America 1923 Uruguay
95%
Amérique du Sud Copa America 1920 Uruguay
95%
Amérique du Sud Copa America 1917 Uruguay
95%
Amérique du Sud Copa America 1916 Uruguay
95%
Asie Coupe d'Asie 2011 Japon
94%
Asie Coupe d'Asie 2004 Japon
94%
Asie Coupe d'Asie 2000 Japon
94%
Asie Coupe d'Asie 1992 Japon
94%
Amérique du Nord et centrale Gold Cup 2000 Canada
93%
Amérique du Nord et centrale Gold Cup 1985 Canada
93%
Amérique du Sud Copa America 2016 Chili
93%
Amérique du Sud Copa America 2015 Chili
93%
Europe Euro 2004 Grèce
92%
Asie Coupe d'Asie 2015 Australie
91%
Océanie Coupe d'Océanie 2004 Australie
91%
Océanie Coupe d'Océanie 2000 Australie
91%
Océanie Coupe d'Océanie 1996 Australie
91%
Océanie Coupe d'Océanie 1980 Australie
91%
Afrique CAN 2010 Egypte
91%
Afrique CAN 2008 Egypte
91%
Afrique CAN 2006 Egypte
91%
Afrique CAN 1998 Egypte
91%
Afrique CAN 1986 Egypte
91%
Afrique CAN 1957 Egypte
91%
Afrique CAN 1959 Republique Arabe Unie
91%
Amérique du Sud Copa America 2001 Colombie
89%
Afrique CAN 2023 Cote d'Ivoire
89%
Afrique CAN 2015 Cote d'Ivoire
89%
Afrique CAN 1992 Cote d'Ivoire
89%
Asie Coupe d'Asie 1960 Corée du Sud
87%
Asie Coupe d'Asie 1956 Corée du Sud
87%
Océanie Coupe d'Océanie 2024 Nouvelle-Zélande
86%
Océanie Coupe d'Océanie 2016 Nouvelle-Zélande
86%
Océanie Coupe d'Océanie 2008 Nouvelle-Zélande
86%
Océanie Coupe d'Océanie 2002 Nouvelle-Zélande
86%
Océanie Coupe d'Océanie 1998 Nouvelle-Zélande
86%
Océanie Coupe d'Océanie 1973 Nouvelle-Zélande
86%
Afrique CAN 2017 Cameroun
85%
Afrique CAN 2002 Cameroun
85%
Afrique CAN 2000 Cameroun
85%
Afrique CAN 1988 Cameroun
85%
Afrique CAN 1984 Cameroun
85%
Europe Euro 1992 Danemark
82%
Amérique du Sud Copa America 1975 Perou
82%
Amérique du Sud Copa America 1939 Perou
82%
Afrique CAN 1968 Republique démocratique du Congo
82%
Afrique CAN 2004 Tunisie
81%
Europe Euro 1988 Pays Bas
80%
Afrique CAN 1996 Afrique du Sud
79%
Amérique du Sud Copa America 1979 Paraguay
79%
Amérique du Sud Copa America 1953 Paraguay
79%
Europe Euro 1960 Union Soviétique
78%
Afrique CAN 1974 Zaire
78%
Amérique du Sud Copa America 1963 Bolivie
76%
Afrique CAN 1972 Congo
74%
Amérique du Nord et centrale Gold Cup 1989 Costa Rica
73%
Amérique du Nord et centrale Gold Cup 1969 Costa Rica
73%
Amérique du Nord et centrale Gold Cup 1963 Costa Rica
73%
Afrique CAN 2013 Nigeria
69%
Afrique CAN 1994 Nigeria
69%
Afrique CAN 1980 Nigeria
69%
Asie Coupe d'Asie 1996 Arabie Saoudite
67%
Asie Coupe d'Asie 1988 Arabie Saoudite
67%
Asie Coupe d'Asie 1984 Arabie Saoudite
67%
Asie Coupe d'Asie 2023 Qatar
67%
Asie Coupe d'Asie 2019 Qatar
67%
Afrique CAN 1982 Ghana
65%
Afrique CAN 1978 Ghana
65%
Afrique CAN 1965 Ghana
65%
Afrique CAN 1963 Ghana
65%
Asie Coupe d'Asie 1976 Iran
65%
Asie Coupe d'Asie 1972 Iran
65%
Asie Coupe d'Asie 1968 Iran
65%
Europe Euro 1976 Tchécoslovaquie
64%
Amérique du Nord et centrale Gold Cup 1981 Honduras
63%
Asie Coupe d'Asie 2007 Irak
57%
Afrique CAN 2012 Zambie
55%
Afrique CAN 1962 Ethiopie
47%
Amérique du Nord et centrale Gold Cup 1967 Guatemala
46%
Asie Coupe d'Asie 1964 Israel
40%
Afrique CAN 1970 Soudan
39%
Amérique du Nord et centrale Gold Cup 1973 Haiti
37%
Asie Coupe d'Asie 1980 Koweit
32%
Océanie Coupe d'Océanie 2012 Tahiti
22%
Aucun quiz correspondant
Distribution des résultats
% des personnes avec chaque résultat
Percentile par nombre de réponses
Votre historique - résultats
Vous n’avez pas pris ce quiz